000 00365nam a2200145Ia 4500
008 151213s9999 xx 000 0 und d
100 _aArun Monappa
245 _aIndustrial Relations ( C-3)
_cArun Monappa
260 _aNew Delhi
_bTata McGraw hill
300 _a1488 p.
650 _aManagement
650 _aManagement
700 _aArun Monappa
999 _c1150
_d1150